| 000 | 00584cam a2200229ua 4500 | ||
|---|---|---|---|
| 001 | 6515 | ||
| 008 | 140301n ii |||gr||||Z||||||eng | ||
| 020 | _a81-219-0278-9 | ||
| 020 | _a81-219-0396-3 | ||
| 040 | _cMAIN | ||
| 082 | _a657.046 | ||
| 245 |
_aAdvanced accounts _cBy M.C. Shukla |
||
| 250 | _a12th rev/ rep. | ||
| 260 |
_aNew delhi: _bS. chand & company ltd., _c1995. |
||
| 300 | _ax,32.8p. | ||
| 653 | _aCommerce | ||
| 653 | _aAdvanced accounts | ||
| 700 |
_aShukla,M.C., _eAuthor., |
||
| 700 |
_aGrewal,T.S., _eAuthor. |
||
| 700 |
_aGupta,S.C., _eAuthor. |
||
| 942 | _cBK | ||
| 999 |
_c5664 _d5664 |
||